000 00898nam a22002657a 4500
001 9840
003 FISKH
005 20260304105413.0
008 260304b cb ||||| |||| 00| 0 eng d
020 _a9780823416363
040 _aFISKH
_beng
_cFISKH
_dFISKH
050 _aSB347 .G535
082 _a635.62
100 _aGibbons , Gail
245 _aThe pumpkin book /
_cBy Gail Gibbons
260 _aNew York :
_bHoliday House ,
_c1999.
300 _a32 unnumbered pages :
_bcolor illustrations ;
_c25 cm .
505 _aO
520 _aDescribes how pumpkins come in different shapes and sizes, how they grow, and their traditional uses and cultural significance. Includes instructions for carving a pumpkin and drying the seeds.
521 8 _a640
_bLexile AD
521 8 _aO
_bRaz-Plus
650 _aPumpkin
_vJuvenile Literature
942 _2ddc
_cBK
_n0
999 _c9840
_d9840